Cơ học kết cấu:T.2 /

Saved in:
Bibliographic Details
Main Author: Lều Thọ Trình
Format: Book
Language:Vietnamese
Published: H. : Khoa học và kỹ thuật , 2003
Edition:In lần thứ 1
Subjects:
Tags: Add Tag
No Tags, Be the first to tag this record!
Institutions: Thư viện Trường CĐ Kỹ Thuật Cao Thắng
LEADER 00671nam a2200205 a 4500
001 TVCDKTCT241
003 Thư viện trường Cao đẳng Kỹ thuật Cao Thắng
005 20050801000000
008 050801
980 \ \ |a Thư viện Trường CĐ Kỹ Thuật Cao Thắng 
024 |a RG_1 #1 eb0 i1 
041 0 # |a vie 
082 # # |a 624.1 /   |b L259TR-c 
100 1 # |a Lều Thọ Trình 
245 0 0 |a Cơ học kết cấu:T.2 /  |c Lều Thọ Trình 
250 # # |a In lần thứ 1 
260 # # |a H. :  |b Khoa học và kỹ thuật ,  |c 2003 
300 # # |a 261tr. ;  |c 24cm 
650 # 4 |a Cơ học kết cấu 
650 # 4 |a Kỹ thuật xây dựng